<?xml version="1.0" encoding="UTF-8"?>
<record
    xmlns:xsi="http://www.w3.org/2001/XMLSchema-instance"
    xsi:schemaLocation="http://www.loc.gov/MARC21/slim http://www.loc.gov/standards/marcxml/schema/MARC21slim.xsd"
    xmlns="http://www.loc.gov/MARC21/slim">

  <leader>02643    a2200301   4500</leader>
  <controlfield tag="001">26518</controlfield>
  <controlfield tag="005">20260407155544.0</controlfield>
  <controlfield tag="008">260407a2006    arg                 spa d</controlfield>
  <controlfield tag="003">AR-UNSa-BCEJYS</controlfield>
  <datafield tag="040" ind1=" " ind2=" ">
    <subfield code="a">AR-UNSa-BCEJYS</subfield>
    <subfield code="b">spa</subfield>
    <subfield code="c">AR-UNSa-BCEJYS</subfield>
  </datafield>
  <datafield tag="080" ind1=" " ind2=" ">
    <subfield code="a">658.8</subfield>
    <subfield code="x">Organizaci&#xF3;n de mercados. Marketing. Ventas. Distribuci&#xF3;n</subfield>
  </datafield>
  <datafield tag="245" ind1="1" ind2="0">
    <subfield code="a">Direcci&#xF3;n de Marketing</subfield>
  </datafield>
  <datafield tag="250" ind1=" " ind2=" ">
    <subfield code="a">12a. ed.</subfield>
  </datafield>
  <datafield tag="264" ind1=" " ind2="1">
    <subfield code="a">Madrid :</subfield>
    <subfield code="b">Prentice Hall</subfield>
    <subfield code="c">2006</subfield>
  </datafield>
  <datafield tag="300" ind1=" " ind2=" ">
    <subfield code="a">xxxix, 729 p.</subfield>
    <subfield code="c">27 cm.</subfield>
  </datafield>
  <datafield tag="505" ind1=" " ind2=" ">
    <subfield code="a">Parte I: La direcci&#xF3;n de marketing : 1. El marketing en el siglo XXI - 2. Desarrollo de estrategias y planes dde marketing - Parte II: Identificaci&#xF3;n de las oportunidades de mercado: 3. Recopilaci&#xF3;n de informaci&#xF3;n y an&#xE1;lisis - 4. Investigaci&#xF3;n de mercados y pr&#xF3;nostico de la demanda - Parte III: Relaci&#xF3;n con clientes o consumidores: 5. Creaci&#xF3;n de valor para el cliente, satisfacci&#xF3;n y lealtad - 6. An&#xE1;lisis de mercados de consumo - 7. An&#xE1;lisis de los mercados industrales - 8. Identificaci&#xF3;n de segmentos y selecci&#xF3;n del Parte IV: Creaci&#xF3;n de marcas fuertes : 9. El brand equity - 10. Estrategias de posicionamiento de marcas - 11. Las relaciones con la competencia - Parte V: La definici&#xF3;n de las ofertas de mercado: 12. Desarrollo de la estrategia de producto - 13. Dise&#xF1;o y administraci&#xF3;n de servicios - 14. Desarrollo de programas y estrategias de precios - Parte VI: La estratega de valor: 15. Dise&#xF1;o y administraci&#xF3;n de los canales de marketing y de las cadenas de valor - 16. Administraci&#xF3;n de la venta minorista, de la venta mayorista y de la log&#xED;stica del mercado - Parte VII: La comunicaci&#xF3;n del valor: 17. Dise&#xF1;o y administraci&#xF3;n de estrategias para la comunicaci&#xF3;n integral de marketing - 18. Administraci&#xF3;n de programas de comunicaci&#xF3;n masiva: publicidad, promociones de ventas, eventos y relaciones p&#xFA;blicas - 19. Administraci&#xF3;n de programas de comunicacion personal:  el marketing directo y la venta personal - Parte VIII: La generaci&#xF3;n de crecimiento rentable a largo plazo: 20. Lanzamiento de nuevas ofertas de mercado - 21. El lanzamiento de ofertas en mercados extranjeros - 22. La direcci&#xF3;n de marketing hol&#xED;stico en la empresa.</subfield>
  </datafield>
  <datafield tag="942" ind1=" " ind2=" ">
    <subfield code="c">BK</subfield>
  </datafield>
  <datafield tag="590" ind1=" " ind2=" ">
    <subfield code="a">niveau_biblio:m niveau_hierar:0</subfield>
  </datafield>
  <datafield tag="100" ind1="1" ind2=" ">
    <subfield code="a">Kotler, Philip</subfield>
  </datafield>
  <datafield tag="700" ind1="1" ind2=" ">
    <subfield code="a">Keller, Kevin Lane</subfield>
  </datafield>
  <datafield tag="700" ind1="1" ind2=" ">
    <subfield code="a">Rivera, Clara E.</subfield>
  </datafield>
  <datafield tag="700" ind1="1" ind2=" ">
    <subfield code="a">D&#xE1;vila Ruiz, Diana</subfield>
  </datafield>
  <datafield tag="700" ind1="1" ind2=" ">
    <subfield code="a">Tena Loeza, Estela</subfield>
  </datafield>
  <datafield tag="700" ind1="1" ind2=" ">
    <subfield code="a">Ramos, Mar&#xED;a de los &#xC1;ngeles</subfield>
  </datafield>
  <datafield tag="700" ind1="1" ind2=" ">
    <subfield code="a">Sciarroni, Roberto</subfield>
  </datafield>
  <datafield tag="700" ind1="1" ind2=" ">
    <subfield code="a">Kiassling Davison, Kurt</subfield>
  </datafield>
  <datafield tag="856" ind1="4" ind2="1">
    <subfield code="u">https://biblioeco.unsa.edu.ar/pmb/images/libros/Kotler Keller-l116571.jpg</subfield>
    <subfield code="y">Imagen de portada</subfield>
    <subfield code="q">image/jpeg</subfield>
  </datafield>
  <datafield tag="999" ind1=" " ind2=" ">
    <subfield code="c">1470</subfield>
    <subfield code="d">1470</subfield>
  </datafield>
  <datafield tag="952" ind1=" " ind2=" ">
    <subfield code="0">0</subfield>
    <subfield code="1">0</subfield>
    <subfield code="4">0</subfield>
    <subfield code="7">0</subfield>
    <subfield code="a">BCEJYS</subfield>
    <subfield code="b">BCEJYS</subfield>
    <subfield code="c">16</subfield>
    <subfield code="d">2026-04-07</subfield>
    <subfield code="l">0</subfield>
    <subfield code="o">658.8 K87d 12ed.</subfield>
    <subfield code="p">L116571</subfield>
    <subfield code="r">2026-04-07 15:55:44</subfield>
    <subfield code="w">2026-04-07</subfield>
    <subfield code="y">L</subfield>
  </datafield>
  <datafield tag="952" ind1=" " ind2=" ">
    <subfield code="0">0</subfield>
    <subfield code="1">0</subfield>
    <subfield code="4">0</subfield>
    <subfield code="7">0</subfield>
    <subfield code="a">BCEJYS</subfield>
    <subfield code="b">BCEJYS</subfield>
    <subfield code="c">16</subfield>
    <subfield code="d">2026-04-07</subfield>
    <subfield code="l">0</subfield>
    <subfield code="o">658.8 K87d 12ed.</subfield>
    <subfield code="p">L116574</subfield>
    <subfield code="r">2026-04-07 15:55:44</subfield>
    <subfield code="w">2026-04-07</subfield>
    <subfield code="y">L</subfield>
  </datafield>
  <datafield tag="952" ind1=" " ind2=" ">
    <subfield code="0">0</subfield>
    <subfield code="1">0</subfield>
    <subfield code="4">0</subfield>
    <subfield code="7">0</subfield>
    <subfield code="a">BCEJYS</subfield>
    <subfield code="b">BCEJYS</subfield>
    <subfield code="c">16</subfield>
    <subfield code="d">2026-04-07</subfield>
    <subfield code="l">0</subfield>
    <subfield code="o">658.8 K87d 12ed.</subfield>
    <subfield code="p">L116573</subfield>
    <subfield code="r">2026-04-07 15:55:44</subfield>
    <subfield code="w">2026-04-07</subfield>
    <subfield code="y">L</subfield>
  </datafield>
  <datafield tag="952" ind1=" " ind2=" ">
    <subfield code="0">0</subfield>
    <subfield code="1">0</subfield>
    <subfield code="4">0</subfield>
    <subfield code="7">0</subfield>
    <subfield code="a">BCEJYS</subfield>
    <subfield code="b">BCEJYS</subfield>
    <subfield code="c">16</subfield>
    <subfield code="d">2026-04-07</subfield>
    <subfield code="l">0</subfield>
    <subfield code="o">658.8 K87d 12ed.</subfield>
    <subfield code="p">L116572</subfield>
    <subfield code="r">2026-04-07 15:55:44</subfield>
    <subfield code="w">2026-04-07</subfield>
    <subfield code="y">L</subfield>
    <subfield code="z">PAG. 14 A 20 POCO H&#xDA;MEDA ABAJO</subfield>
  </datafield>
  <datafield tag="952" ind1=" " ind2=" ">
    <subfield code="0">0</subfield>
    <subfield code="1">0</subfield>
    <subfield code="4">0</subfield>
    <subfield code="7">0</subfield>
    <subfield code="a">BCEJYS</subfield>
    <subfield code="b">BCEJYS</subfield>
    <subfield code="c">16</subfield>
    <subfield code="d">2026-04-07</subfield>
    <subfield code="l">0</subfield>
    <subfield code="o">658.8 K87d 12ed.</subfield>
    <subfield code="p">L116575</subfield>
    <subfield code="r">2026-04-07 15:55:44</subfield>
    <subfield code="w">2026-04-07</subfield>
    <subfield code="y">L</subfield>
  </datafield>
</record>
